| 000 | 02320cam a2200529 a 4500 | ||
|---|---|---|---|
| 999 |
_c4589 _d4589 |
||
| 001 | 15581668 | ||
| 003 | GZU | ||
| 005 | 20210316155428.0 | ||
| 008 | 090109s2008 enka 001 0 eng d | ||
| 010 | _a 2009290324 | ||
| 015 |
_aGBA857298 _2bnb |
||
| 016 | 7 |
_a014590146 _2Uk |
|
| 020 | _a9780821418437 (Ohio University Press paper) | ||
| 020 | _a0821418432 (Ohio University Press paper) | ||
| 020 | _a9780821418420 (Ohio University Press cloth) | ||
| 020 | _a0821418424 (Ohio University Press cloth) | ||
| 020 | _a9781847015037 (James Currey cloth) | ||
| 020 | _a1847015034 (James Currey cloth) | ||
| 020 | _a9781847015020 (James Currey paper) | ||
| 020 | _a1847015026 (James Currey paper) | ||
| 020 | _a9781779220752 (Weaver Press paper) | ||
| 020 | _a1779220758 (Weaver Press paper) | ||
| 020 | _a9781868144723 (Wits University Press paper) | ||
| 020 | _a1868144720 (Wits University Press paper) | ||
| 020 | _a9789780812027 (HEBN paper) | ||
| 020 | _a9780812024 (HEBN paper) | ||
| 035 | _a(OCoLC)ocn230198710 | ||
| 040 |
_aBTCTA _cBTCTA _dBAKER _dYDXCP _dBWX _dOCLCQ _dIXA _dUKM _dCDX _dDLC |
||
| 042 | _alccopycat | ||
| 043 | _af------ | ||
| 050 | 0 | 0 |
_aPR9346 CUR 2008 _b.C87 2008 |
| 082 | 0 | 4 |
_a070.5/096 _222 |
| 100 | 1 |
_aCurrey, James. _eauthor |
|
| 245 | 1 | 0 |
_aAfrica writes back : _bthe African writers series & the launch of African literature / _cJames Currey ; portraits and other photographs by George Hallett. |
| 260 |
_aOxford : _bJames Currey ; _aJohannesburg : _bWits University Press ; _aAthens, Ohio : _bOhio University Press ; _aIbadan : _bHEBN ; _aNairobi : _bEAEP ; _aHarare : _bWeaver Press ; _aDar es Salaam : _bMkuki na Nyota, _c2008. |
||
| 300 |
_axxxi, 318 p. : _bill. ; _c24 cm. |
||
| 500 | _aIncludes index. | ||
| 630 | 0 | 0 |
_aAfrican writers series _xHistory. |
| 650 | 0 |
_aAfrican literature _xPublishing _xHistory _y20th century. |
|
| 650 | 0 |
_aAfrican literature _y20th century _xHistory and criticism. |
|
| 650 | 0 |
_aAfrican literature (English) _xPublishing _xHistory _y20th century. |
|
| 650 | 0 |
_aAfrican literature (English) _y20th century _xHistory and criticism. |
|
| 651 | 0 |
_aAfrica _xIntellectual life _y20th century. |
|
| 906 |
_a7 _bcbc _ccopycat _d2 _encip _f20 _gy-gencatlg |
||
| 942 |
_2lcc _cBK _h9346 _iCUR _kPR |
||